000 00798nam a2200169 a 4500
001 ASIN8123911025
005 20140527044925.0
008 140527s2006 xxu eng d
020 _a8123911025 (paperback)
_c$36.43
020 _a9788123911021 (paperback)
100 1 _aD., Krishnamurthy.
245 1 0 _aElementary structural design & drawing :
_bstructural design & drawing /
_cKrishnamurthy D.
260 _a[S.l.] :
_bCBS Publishers & Distributors,
_c2006.
300 _a280 p. ;
_c22 cm.
520 _a1 design of slabs. 2 design of beams. 3 design of columns & footings. 4 staircases. 5 design of structurl connections. 6 design of beams. 7 design of roof trusses. 8 design of riveted plate girders.
856 4 0 _3Amazon.com
_uhttp://www.amazon.com/exec/obidos/ASIN/8123911025/chopaconline-20
999 _c4406
_d4406